The woman before me / (Record no. 76901)
[ view plain ]
| 000 -LEADER | |
|---|---|
| fixed length control field | 00458nam a22001697a 4500 |
| 005 - DATE AND TIME OF LATEST TRANSACTION | |
| control field | 20130624154300.0 |
| 010 ## - LCCN (DPL NO) | |
| LC control number | ENG-107724 |
| 020 ## - INTERNATIONAL STANDARD BOOK NUMBER | |
| International Standard Book Number | 9788184984651 |
| Terms of availability | 350.00 |
| 035 ## - SYSTEM CONTROL NUMBER | |
| System control number | EN-91257 |
| 037 ## - SOURCE OF ACQUISITION | |
| Source of stock number/acquisition | DBAD/PUB |
| 100 ## - MAIN ENTRY--PERSONAL NAME | |
| Personal name | Dugdall, Ruth |
| 245 ## - TITLE STATEMENT | |
| Title | The woman before me / |
| Statement of responsibility, etc | by Ruth Dugdall |
| 260 ## - PUBLICATION, DISTRIBUTION, ETC. (IMPRINT) | |
| Place of publication, distribution, etc | Pune |
| Name of publisher, distributor, etc | Mehta Publishing House |
| Date of publication, distribution, etc | 2013 |
| 270 ## - ADDRESS | |
| Address | 1941, Sadashiv Peth, Madiwale Colony |
| City | Pune |
| 300 ## - PHYSICAL DESCRIPTION | |
| Extent | 288p. |
| Dimensions | 20cm(pbk) |
| 942 ## - ADDED ENTRY ELEMENTS (KOHA) | |
| Source of classification or shelving scheme | Dewey Decimal Classification |
| Item type | English Books |
| Call number suffix | DUG |
| Withdrawn status | Lost status | Not for loan | Collection code | Home library | Current library | Date acquired | Source of acquisition | Cost, normal purchase price | Full call number | Barcode | Copy number | Cost, replacement price | Koha item type |
|---|---|---|---|---|---|---|---|---|---|---|---|---|---|
| Not For Loan | Non-fiction | D.B.Act.Division | D.B.Act.Division | 24/06/2013 | DBAD/PUB | 350.00 | DUG | EN-91257 | 1 | 350.00 | English Books |
